00872nam a22001817a 450000500170000000800410001702000180005804000070007604100120008308200160009510000180011124500420012926000350017130000240020636500590023052003700028965000310065920250722173815.0221207b ||||| |||| 00| 0 eng d a9788187057611 cAL aEnglish a090.1bCARH aDale Carnegie aHow to stop worrying and start living aNew DelhibLDS Marketingc2022 a192p.bPBc18x11cm. 2Generala6121b₹128.00c₹d160.00e20%f25-11-2022 aFundamentals facts you should know about worry; basic techniques in analysing worry; how to break the worry habit before it breaks you; seven ways to cultivate a attitude that will bring you peace and happiness; the perfect way to conquer worry; how to keep from worrying about criticism; six ways to prevent fatigue and worry and keep your energy and spirits high. aManuscripts and rare books